000 01152nam a2200337 i 4500
003 EG-GICUC
005 20260327173219.0
008 260118s1999 ua |||fr|||| 00| 0 ara d
040 _a EG-GICUC
_bara
_c EG-GICUC
_d EG-GICUC
_erda
041 0 _aAra
082 0 4 _221
_a343.6
_bن ب . د
092 0 4 _221
099 _aLaw1 10 343.6 ن ب . د 1999
100 0 _aنبيه صالح
_eمؤلف.
245 1 0 _aدراسات فى علم الإجرام والعقاب /
_cتأليف الدكتور نبيه صالح.
250 _aالطبعة الأولى
264 1 _aأبوديس :
_bمكتبة دار الفكر،
_c1999.
300 _a236 صفحة؛
_c24 سم.
336 _2rda content
_atext
337 _2rda media
_aComputer
338 _2rda carrier
_aOnline Resource
504 _aببليوجرافيا: صفحات225-228.
546 _aالنص باللغة العربية
650 1 _aعلم الإجرام
_2qrmak
650 1 _aالقانون الجنائى
_2qrmak
651 1 _2qrmak
700 _a،
856 4 0 _uhttps://fll.law.cu.edu.eg/fulltext/bks/B10-07898.pdf
905 _a54
_eYara
942 _2ddc
_cBK
_e21
_n0
999 _c57668
_d57668